Tang ma người Dao Đỏ ở Lào Cai
Trình bày quan niệm của người Dao Đỏ về vũ trụ quan; diễn trình lễ tang truyền thống của người Dao. Giới thiệu về trang phục, âm nhạc, ẩm thực, nghệ thuật tạo hình của họ trong lễ tang
Đã lưu trong:
| Príomhúdar: | |
|---|---|
| Formáid: | Leabhar |
| Teanga: | Undetermined |
| Foilsithe: |
Hà Nội
Mỹ thuật
2016
|
| Ábhair: | |
| Clibeanna: |
Cuir Clib Leis
Gan Chlibeanna, Bí ar an gcéad duine leis an taifead seo a chlibeáil!
|
| Thư viện lưu trữ: | Trung tâm Học liệu Trường Đại học Cần Thơ |
|---|
| LEADER | 00888nam a2200193Ia 4500 | ||
|---|---|---|---|
| 001 | CTU_216997 | ||
| 008 | 210402s9999 xx 000 0 und d | ||
| 082 | |a 393.9309597 | ||
| 082 | |b Ph561 | ||
| 100 | |a Phan, Thị Phượng | ||
| 245 | 0 | |a Tang ma người Dao Đỏ ở Lào Cai | |
| 245 | 0 | |c Phan Thị Phượng | |
| 260 | |a Hà Nội | ||
| 260 | |b Mỹ thuật | ||
| 260 | |c 2016 | ||
| 520 | |a Trình bày quan niệm của người Dao Đỏ về vũ trụ quan; diễn trình lễ tang truyền thống của người Dao. Giới thiệu về trang phục, âm nhạc, ẩm thực, nghệ thuật tạo hình của họ trong lễ tang | ||
| 650 | |a Funeral rites and ceremonies,Nghi thức tang lễ và nghi lễ | ||
| 904 | |i Thủy Tiên (Nguyên) | ||
| 980 | |a Trung tâm Học liệu Trường Đại học Cần Thơ | ||